| 000 | 01507nam a2200241Ia 4500 | ||
|---|---|---|---|
| 001 | 18071 | ||
| 003 | GE_BSU | ||
| 008 | 181216s||||||||xx |||||||||||||| ||und|| | ||
| 040 | _cGE_BSU | ||
| 080 | _a811.353.1(058) | ||
| 245 | _aმოამბე. ტ. 1; აკად. ნ. მარის სახელობის ენის, ისტორიისა და მატერიალური კულტურის ინსტიტუტი | ||
| 245 | _bИзвестия Института языка, истории и материальной культуры им. акад. Н.Я.Марра; | ||
| 245 | _cრედაქტორი სიმონ ჯანაშია. | ||
| 250 | _aსსრკ მეცნიერებათა აკადემიის საქართველოს ფილიალი | ||
| 260 | _aტფილისი | ||
| 260 | _bსსრკ მეცნიერებათა აკადემიის საქართველოს ფილიალი | ||
| 260 | _c1937 | ||
| 300 | _a316 გვ.25სმ. | ||
| 653 | _aИзвестия Института языка, истории и материальной культуры им. акад. Н.Я.Марра | ||
| 653 | _aაკად. ნ. მარის სახელობის ენის, ისტორიისა და მატერიალური კულტურის ინსტიტუტი | ||
| 653 | _aმოამბე. | ||
| 942 | _cBK | ||
| 999 |
_c51114 _d51114 |
||